Normal view
MARC view
- Bovee, Thill Schatzman
Entry Personal Name
001 - CONTROL NUMBER
- control field: 232
003 - CONTROL NUMBER IDENTIFIER
- control field: NUST
005 - DATE AND TIME OF LATEST TRANSACTION
- control field: 20170509154945.0
008 - FIXED-LENGTH DATA ELEMENTS
- fixed length control field: 170509|| aca||aabn | a|a d
040 ## - CATALOGING SOURCE
- Original cataloging agency: NUST
- Transcribing agency: NUST
100 ## - HEADING--PERSONAL NAME
- Personal name: Bovee, Thill Schatzman
670 ## - SOURCE DATA FOUND
- Source citation: Work cat.: (NUST)24104: Bovee, Thill Schatzman, Business Communication Today, c1992
